[Event "SWE Cup rapid"]
[Site "Linkoping"]
[Date "2018.09.08"]
[Round "4.4"]
[White "Wiklund, Johan"]
[Black "Emmoth, Benjamin"]
[Result "1-0"]
[WhiteElo "1893"]
[BlackElo "1662"]
[PlyCount "155"]
[EventDate "2018.09.07"]
[EventType "team-swiss (rapid)"]
[EventRounds "9"]
[EventCountry "SWE"]
[SourceTitle "CBM 186 Extra"]
[Source "ChessBase"]
[SourceDate "2018.08.24"]
[SourceVersion "1"]
[SourceVersionDate "2018.08.24"]
[SourceQuality "1"]
[WhiteTeam "Norrkoping Schack 08"]
[BlackTeam "Vasteras"]
[WhiteTeamCountry "SWE"]
[BlackTeamCountry "SWE"]

1. Nf3 Nf6 2. c4 c5 3. d4 cxd4 4. Nxd4 Nc6 5. Nc3 g6 6. e4 Bg7 7. Be3 d6 8. f3 0-0 9. Be2 Bd7 10. 0-0 a6 11. Qd2 Rc8 12. Rab1 Ne5 13. b3 Nc6 14. Rfc1 Nxd4 15. Bxd4 Be6 16. Na4 Nd7 17. Be3 Nc5 18. Nc3 Nd7 19. Bf1 Qc7 20. Ne2 Ne5 21. Nf4 Rfd8 22. Qf2 Nd7 23. b4 Qb8 24. a4 Rc7 25. a5 Rdc8 26. Nxe6 fxe6 27. Qa2 Kf7 28. f4 Nf6 29. Bd3 Ng4 30. Bb6 Rc6 31. h3 Nf6 32. g3 Nd7 33. Be3 R6c7 34. Rf1 Bf6 35. g4 Nf8 36. g5 Bg7 37. Be2 Ke8 38. Rbc1 Rc6 39. Bg4 Qc7 40. b5 axb5 41. cxb5 Rxc1 42. Rxc1 Qd7 43. Qb3 Rxc1+ 44. Bxc1 Qc7 45. Bd2 Qc5+ 46. Kg2 Qd4 47. Be3 Qxe4+ 48. Bf3 Qf5 49. Bxb7 Nd7 50. a6 Nc5 51. Bxc5 Qxc5 52. Bc6+ Kf7 53. Bd7 d5 54. b6 Qd4 55. b7 Qd2+ 56. Kf3 Qh2 57. b8Q Qxh3+ 58. Ke2 Qg2+ 59. Kd1 Qf1+ 60. Kc2 Qe2+ 61. Kc1 Qe1+ 62. Qd1 Qe3+ 63. Kb1 Qe4+ 64. Qc2 Qe1+ 65. Qc1 Qe4+ 66. Ka2 Qe2+ 67. Ka3 Qd3+ 68. Qb3 Qxa6+ 69. Ba4 Qa7 70. Qce3 Qc7 71. Qb5 Qc8 72. Qd7 Bb2+ 73. Kxb2 Qb8+ 74. Bb3 e5 75. Qxe5 Qb4 76. Qexd5+ Kg7 77. Qf7+ Kh8 78. Qde8# 1-0

[Event "Nordic School-chT U14"]
[Site "Oslo"]
[Date "2016.09.10"]
[Round "3.22"]
[White "Emmoth, Benjamin"]
[Black "Bergan, Gaute"]
[Result "1/2-1/2"]
[WhiteElo "1425"]
[BlackElo "1634"]
[PlyCount "66"]
[EventDate "2016.09.09"]
[EventType "team-swiss"]
[EventRounds "5"]
[EventCountry "NOR"]
[SourceTitle "CBM 174 Extra"]
[Source "ChessBase"]
[SourceDate "2016.10.10"]
[SourceVersion "1"]
[SourceVersionDate "2016.10.10"]
[SourceQuality "1"]
[WhiteTeam "Vasteras Jensen School"]
[BlackTeam "Korsvoll School"]
[WhiteTeamCountry "SWE"]
[BlackTeamCountry "DEN"]

1. c4 e5 2. Nc3 Nf6 3. Nf3 d6 4. g3 g6 5. Bg2 Bg7 6. d3 c6 7. 0-0 0-0 8. Bd2 Na6 9. a3 Nc7 10. Rb1 Re8 11. e4 d5 12. Qc2 dxc4 13. dxc4 c5 14. Rfd1 Qe7 15. Rbc1 b6 16. Nd5 Ncxd5 17. cxd5 Ba6 18. Bg5 Qd6 19. Nd2 h6 20. Bxf6 Bxf6 21. Nc4 Bxc4 22. Qxc4 Rac8 23. Qb5 Red8 24. Bh3 Rc7 25. b4 Be7 26. bxc5 Rxc5 27. Rxc5 Qxc5 28. Qxc5 Bxc5 29. Rd3 Rd6 30. Kf1 Kg7 31. a4 a5 32. Ke2 f6 33. Rd2 Kf7 1/2-1/2